Lạc lối về = Und Sagte Kein Einziges Wort
Truyện viết về những di hại thảm khốc của chiến tranh
Kaydedildi:
| Yazar: | |
|---|---|
| Materyal Türü: | Kitap |
| Dil: | Undetermined |
| Baskı/Yayın Bilgisi: |
Tp. HCM
Nxb. Tp. HCM
1997
|
| Konular: | |
| Etiketler: |
Etiketle
Etiket eklenmemiş, İlk siz ekleyin!
|
| Thư viện lưu trữ: | Trung tâm Học liệu Trường Đại học Cần Thơ |
|---|
| LEADER | 00683nam a2200193Ia 4500 | ||
|---|---|---|---|
| 001 | CTU_21384 | ||
| 008 | 210402s9999 xx 000 0 und d | ||
| 082 | |a 833.91 | ||
| 082 | |b B689 | ||
| 100 | |a Heinrich Boll (1917-1985) | ||
| 245 | 0 | |a Lạc lối về | |
| 245 | 0 | |b = Und Sagte Kein Einziges Wort | |
| 245 | 0 | |c Heinrich Boll (1917-1985); Dịch giả: Huỳnh Phan Anh | |
| 260 | |a Tp. HCM | ||
| 260 | |b Nxb. Tp. HCM | ||
| 260 | |c 1997 | ||
| 520 | |a Truyện viết về những di hại thảm khốc của chiến tranh | ||
| 650 | |a german fiction ( vietnamese ),war stories, german ( vietnamese ) | ||
| 980 | |a Trung tâm Học liệu Trường Đại học Cần Thơ | ||